Democracy and the Welfare State /
En esta obra colectiva se exploran los fundamentos morales y los prospectos políticos de la asistencia social en los Estados Unidos. Algunos de los cuestionamientos que los autores tratan de responder son si un Estado democrático puede proveer asistencia social sin producir dependencia en la misma,...
Guardado en:
| Autor principal: | |
|---|---|
| Formato: | Libro |
| Idioma: | Inglés |
| Publicado: |
Princeton, EUA :
Princeton University,
1988, c1988
|
| Colección: | (Studies from the Project on the Federal Social Role)
|
| Temas: | |
| Etiquetas: |
Sin etiquetas, Sé el primero en etiquetar este registro!
|
MARC
| LEADER | 00000nam^a2200000^a^4500 | ||
|---|---|---|---|
| 001 | 000144064 | ||
| 005 | 20250521000000.0 | ||
| 009 | 20260526124304.225 | ||
| 020 | |a 0-691-02275-5 | ||
| 037 | |a Acervo ITESO - Biblioteca | ||
| 041 | |a ING | ||
| 082 | |a 320. 973092 |b GUT | ||
| 100 | |a Gutmann, Amy |e (ed.) | ||
| 245 | 1 | 0 | |a Democracy and the Welfare State / |c Ed. de A. Gutmann. |
| 264 | 4 | |a Princeton, EUA : |b Princeton University, |c 1988, c1988 | |
| 300 | |a 290 p. | ||
| 336 | |a texto |b txt |2 rdacontenido | ||
| 337 | |a sin mediación |b n |2 rdamedio | ||
| 338 | |a volumen |b nc |2 rdasoporte | ||
| 440 | 1 | |a (Studies from the Project on the Federal Social Role) | |
| 520 | |a En esta obra colectiva se exploran los fundamentos morales y los prospectos políticos de la asistencia social en los Estados Unidos. Algunos de los cuestionamientos que los autores tratan de responder son si un Estado democrático puede proveer asistencia social sin producir dependencia en la misma, o por otro lado, por qué y de qué manera, la asistencia social discrimina a la mujer o a los inmigrantes. | ||
| 649 | |a XX | ||
| 650 | |a Mujeres - |z EUA - |x Condiciones Sociales y Culturales | ||
| 650 | |a Mujeres - |z EUA - |x Condiciones Económicas | ||
| 650 | |a Extranjeros en EUA - |x Condiciones Laborales | ||
| 650 | |a Migrantes - |z EUA - |x Condiciones Sociales y Culturales | ||
| 650 | |a Migrantes - |z EUA - |x Condiciones Económicas | ||
| 650 | |a Discriminación de Género - |z EUA | ||
| 650 | |a Racismo - |z EUA | ||
| 650 | |a Educación Pública - |z EUA | ||
| 650 | |a Distribución del Ingreso - |z EUA | ||
| 650 | |a Democracia - |z EUA | ||
| 650 | |a Capitalismo - |z EUA | ||
| 650 | |a Estado, El - |z EUA | ||
| 650 | |a Estado de Bienestar - |z EUA | ||
| 650 | |a Asistencia Social - |z EUA | ||
| 650 | |a Política Social - |z EUA | ||
| 650 | |a Etica Política - |z EUA | ||
| 650 | |a Política - |z EUA - |x Historia - |y Siglo XX | ||
| 650 | |a EUA - |x Condiciones Políticas | ||
| 910 | |a Fondo General | ||
| 920 | |a Impresos - Libros | ||
| 930 | |a Colección General | ||
| 905 | |a 101 | ||
| 901 | |a 0500073085 |b IT1 |c ACC |u 20250521 | ||
| 901 | |a 0500073088 |b IT1 |c ACC |u 20250521 | ||
| 902 | |a https://opac.biblio.iteso.mx/vufind/Record/000144064 | ||